Multilateral aid 2015 better partnerships for a post-2015 world

Saved in:
Bibliographic Details
Format: Book
Language:English
Published: Paris OECD 2015
Subjects:
Tags: Add Tag
No Tags, Be the first to tag this record!

MARC

LEADER 00000nam a2200000 4500
001 0213921
005 20240314123201.5
020 |a 978-92-64-23117-7 
041 0 |a eng 
044 |a FR 
245 1 0 |a Multilateral aid 2015  |b better partnerships for a post-2015 world 
264 1 |a Paris  |b OECD  |c 2015 
300 |a 244 s. 
610 2 0 |a pomoc medzinárodná 
610 2 0 |a pomoc hospodárska 
610 2 0 |a pomoc finančná